000
00220nam a22000857a 4500
999
_c
11538
_d
11538
008
190531b ||||| |||| 00| 0 eng d
100
_a
Oswaal
_9
6700
245
_a
PSA Problem Solving Assessment-8
260
_a
New Delhi
_b
Oswaal